01099nmc a2200289 a 4500003000900000005001700009008004100026040001300067100002100080245004200101260006800143300001100211490003900222500026800261504003100529650002300560650001400583650002600597650001200623650001200635650002500647653002100672653002400693653002400717700002900741700003900770AR-BaBNM20251128203242.0197019s1968 ||||||||||||||000 | spa|| cAR-BaBNM1 aBarbe, Walter B.10aLa educación del niño excepcional aBuenos AiresbTroquelbCentro Regional de Ayuda Técnicac19680 a136 p. 0aBiblioteca de la Nueva Educación1 aEsta edición ha sido preparada conjuntamente por la editorial y el Centro Regional de Ayuda Técnica, Agencia para el Desarrollo InternacionalA.I.D., Departamento de Estado del Gobierno de los Estados Unidos de América. El Centro es una organización dedica aBibliografía: p. 131-133 4aEDUCACION ESPECIAL 4aEPILEPSIA 4aADAPTACION DEL ALUMNO 4aSORDERA 4aCEGUERA 4aALUMNOS SUPERDOTADOS 0aNINOS TALENTOSOS 0aDISCAPACIDAD MOTORA 0aDISCAPACIDAD MENTAL1 aWitty, Pauleprologuista1 aBurejson, Aurelia R. deetraductor